| 000 | 00546nam a2200157 4500 | ||
|---|---|---|---|
| 001 | 112096 | ||
| 003 | ES-MaACL | ||
| 007 | t| | ||
| 008 | 061121s1967 sp r ||||1| spa d | ||
| 100 | 1 |
_aNicolás, M. J. _985568 |
|
| 245 | 1 | 0 |
_aTheotokos _b: el misterio de María / _cM. J. Nicolás; [traducción de la comunidad de religiosas del monasterio de San Benito (Montserrat)]. |
| 260 |
_aBarcelona : _bHerder, _c1967. |
||
| 300 |
_a288 p. ; _c22 cm. |
||
| 710 | 2 |
_aMonasterio de San Benito (Montserrat) _95742 |
|
| 852 |
_aES-MaACL _jG-5585 _bR.65642 |
||
| 999 |
_c112096 _d112096 |
||